Complétez le slogan publicitaire - Clic Quiz - Statistiques

Statistiques générales
  • Ce quiz a été pris 4 308 fois
  • Le résultat moyen est 28 sur 30
Statistiques - réponses
Hint Réponse % Correct
Haribo c'est beau la vie, pour les grands et les... Petits
99%
Redbull donne des... Ailes
98%
Venez comme vous... Êtes
98%
Just do... It
98%
C'est pas Versailles... Ici
97%
Avant j'étais chauve, mais ça c'était... Avant
96%
Parce que vous le valez... Bien
96%
Zéro tracas, zéro... Blabla
96%
C'est fort en... Chocolat
96%
Le vrai prix des bonnes Choses
96%
Sans alcool, la fête est plus... Folle
96%
Dior,... J'adore
96%
Au bon lait de... Brebis
95%
Lapeyre, y'en a pas... Deux
95%
Pas de stress, y'a... Point S
95%
Ça coule de... Source
95%
Nespresso, what... Else
94%
Tu pousse le bouchon un peu trop loin... Maurice
94%
Je suis passé chez... Sosh
94%
Quand c'est trop, c'est... Tropico
94%
Caprice à deux, caprice des... Dieux
93%
La perfection au... Masculin
93%
Attention, les martiens... S'échappent
93%
Il est fou... Afflelou
92%
Et la marmotte elle met le chocolat dans le... Papier d'alu
90%
On se lève tous pour... Danette
89%
Etre un enfant c'est du... Sport
89%
En avant les... Histoires
87%
Je rêve d'une... Banque
85%
Think... Different
77%
Aucun quiz correspondant
Distribution des résultats
% des personnes avec chaque résultat
Percentile par nombre de réponses
Votre historique - résultats
Vous n’avez pas pris ce quiz